[Event "Moscow Open 2009 A"]
[Site ""]
[Date "2009.02.01"]
[Round "2.50"]
[White "Apryshko, Gleb"]
[Black "Hambardzumian, Yuri"]
[Result "1/2-1/2"]
[WhiteElo "2074"]
[BlackElo "2361"]
[Annotator ""]
[Source ""]
[Remark ""]

1.e4 c5 2.Nf3 d6 3.Bb5+ Bd7 4.Bxd7+ Qxd7 5.O-O Nc6 6.c3 Nf6 7.d4
cxd4 8.cxd4 d5 9.e5 Ne4 10.Ne1 h6 11.f3 Ng5 12.Nc3 e6 13.Nc2
Be7 14.Qd3 f5 15.exf6 Bxf6 16.Bxg5 hxg5 17.Qg6+ Qf7 18.Qxf7+
Kxf7 19.Rad1 Rac8 20.Rd2 a6 21.Ne2 Ne7 22.f4 gxf4 23.Nxf4 Rc4
24.Nd3 Kg6 25.b3 Rc3 26.Rf3 Rhc8 27.Nf4+ Kf7 28.Rxc3 Rxc3 29.Ne2
Rc8 30.Ne1 g5 31.h3 g4 32.hxg4 Rg8 33.Kf2 Rxg4 34.Kf3 Re4 35.Nc2
Nc6 36.g3 b5 37.b4 Ke7 38.Rd3 Kd6 39.Re3 Rxe3+ 40.Kxe3 Bg5+ 41.Kd3
e5 42.dxe5+ Nxe5+ 43.Kc3 Ng4 44.Ncd4 Nf2 45.Kb3 Bf6 46.a4 bxa4+
47.Kxa4 Ke5 48.Ka5 Ke4 49.Ne6 Nd3 50.Nc5+ Nxc5 51.bxc5 d4 52.Nc1
d3 53.Nb3 Kd5 54.Kb4 Be7 55.g4 d2 56.Nxd2 1/2-1/2

[Event "Moscow Open 2009 A"]
[Site ""]
[Date "2009.02.01"]
[Round "2.51"]
[White "Matinian, Nikita"]
[Black "Pasiev, Rakhim"]
[Result "1-0"]
[WhiteElo "2361"]
[BlackElo "2152"]
[Annotator ""]
[Source ""]
[Remark ""]

1.e4 c5 2.Nf3 d6 3.d4 cxd4 4.Nxd4 Nf6 5.Nc3 g6 6.Be3 Bg7 7.f3
Nc6 8.Qd2 O-O 9.Bc4 Nd7 10.O-O-O Nb6 11.Be2 a5 12.Nxc6 bxc6 13.h4
Ba6 14.Bxa6 Rxa6 15.Qd3 Ra8 16.h5 Rb8 17.hxg6 fxg6 18.Bd4 Bxd4
19.Qxd4 Rf7 20.e5 d5 21.e6 Rg7 22.Qc5 Qc7 23.Nxd5 Nxd5 24.Rxd5
Qb7 25.Rd7 Qxb2+ 26.Kd2 Qf6 27.Re1 g5 28.Qxa5 Qf4+ 29.Re3 Rf8
30.Qe5 Qh4 31.Red3 Qb4+ 32.Kc1 Rg6 33.a3 1-0

[Event "Moscow Open 2009 A"]
[Site ""]
[Date "2009.02.01"]
[Round "2.52"]
[White "Dreev, Alexey"]
[Black "Shefer, Alexander"]
[Result "1-0"]
[WhiteElo "2688"]
[BlackElo "2146"]
[Annotator ""]
[Source ""]
[Remark ""]

1.d4 e6 2.c4 Nf6 3.Nc3 Bb4 4.Qc2 O-O 5.a3 Bxc3+ 6.Qxc3 b6 7.Bg5
Bb7 8.e3 d6 9.Ne2 Nbd7 10.Qc2 c5 11.Rd1 Rc8 12.Nc3 a6 13.f3 Qc7
14.Qd2 Rfe8 15.Be2 d5 16.cxd5 exd5 17.O-O h6 18.Bh4 Qb8 19.Bd3
cxd4 20.exd4 Qd6 21.Bf5 Rcd8 22.Bg3 Qf8 23.Rc1 Rc8 24.Bh4 Rc6
25.Nxd5 Rxc1 26.Nxf6+ Nxf6 27.Rxc1 Nd5 28.Re1 Bc6 29.Bb1 Rxe1+
30.Qxe1 Qd6 31.Qe5 Qd7 32.Bf5 Qb7 33.Be4 Kh8 34.Qf5 g6 35.Qe5+
Kg8 36.Qd6 Kh7 37.Bf6 Qa8 38.h4 h5 39.Be5 Kg8 40.Bxg6 fxg6 41.Qxg6+
Kf8 42.Bd6+ Ne7 43.Qf6+ Kg8 44.Qg5+ Kf7 45.Qxe7+ Kg8 46.Qg5+ 1-0

[Event "Moscow Open 2009 A"]
[Site ""]
[Date "2009.02.01"]
[Round "2.53"]
[White "Khalifman, Alexander"]
[Black "Davydov, Sergey P"]
[Result "1-0"]
[WhiteElo "2622"]
[BlackElo "2342"]
[Annotator ""]
[Source ""]
[Remark ""]

1.d4 Nf6 2.Nf3 e6 3.c4 d5 4.g3 c6 5.Bg2 Nbd7 6.O-O Be7 7.Qc2
O-O 8.Nbd2 c5 9.dxc5 Nxc5 10.Rd1 Qb6 11.b3 Ng4 12.e3 Bf6 13.Rb1
Na6 14.a3 Rd8 15.h3 Ne5 16.Nxe5 Bxe5 17.Nf3 Bf6 18.Bb2 Bxb2 19.Qxb2
h6 20.b4 dxc4 21.Ne5 Nb8 22.Nxc4 Rxd1+ 23.Rxd1 Qc7 24.Qd4 Nd7
25.Na5 Nf8 26.Qc5 Qb6 27.Nc4 Qxc5 28.bxc5 Nd7 29.c6 1-0

[Event "Moscow Open 2009 A"]
[Site ""]
[Date "2009.02.01"]
[Round "2.54"]
[White "Gagarin, Vasilij"]
[Black "Lyubokhiner, Leonid M"]
[Result "1-0"]
[WhiteElo "2392"]
[BlackElo "1792"]
[Annotator ""]
[Source ""]
[Remark ""]

1.d4 Nf6 2.c4 e6 3.Nc3 Bb4 4.e3 d5 5.a3 Bxc3+ 6.bxc3 O-O 7.cxd5
exd5 8.Bd3 b6 9.Ne2 Bb7 10.O-O Nc6 11.f3 Ne7 12.Ng3 c5 13.Ra2
Nc6 14.Bb1 cxd4 15.cxd4 Rc8 16.Rd2 Na5 17.e4 Rxc1 18.Qxc1 Nb3
19.Qb2 Nxd2 20.Qxd2 h5 21.e5 h4 22.Nf5 Nh5 23.Nh6+ Kh8 24.Qc2
g6 25.Nxf7+ Rxf7 26.Qxg6 Rg7 27.Qxh5+ 1-0

[Event "Moscow Open 2009 A"]
[Site ""]
[Date "2009.02.01"]
[Round "2.55"]
[White "Robson, Ray"]
[Black "Tiviakov, Sergei"]
[Result "0-1"]
[WhiteElo "2455"]
[BlackElo "2685"]
[Annotator ""]
[Source ""]
[Remark ""]

1.e4 d5 2.exd5 Qxd5 3.Nc3 Qd6 4.d4 Nf6 5.Nf3 c6 6.Ne5 Nbd7 7.Bf4
Nd5 8.Nxd5 Qxd5 9.Qf3 Qxf3 10.Nxf3 g6 11.Bc4 Bg7 12.O-O-O Nb6
13.Bb3 Bg4 14.Rd3 Nd5 15.Bxd5 cxd5 16.Re1 Rc8 17.c3 e6 18.Nh4
Bf6 19.h3 Bh5 20.Be5 Bg5+ 21.f4 Bxh4 22.g3 Rg8 23.gxh4 Ke7 24.f5
gxf5 25.Rd2 Bf3 26.Rf2 Be4 27.Kd2 f6 28.Bh2 Kf7 29.b3 b5 30.a4
bxa4 31.Ra1 axb3 32.Rxa7+ Kg6 33.Rb7 h6 34.Rxb3 Kh5 35.Rb6 Rce8
36.Bf4 Rg6 37.Rf1 e5 38.dxe5 fxe5 39.Rxg6 Kxg6 0-1

[Event "Moscow Open 2009 A"]
[Site ""]
[Date "2009.02.01"]
[Round "2.56"]
[White "Sargissian, Gabriel"]
[Black "Mozharov, Mikhail"]
[Result "1/2-1/2"]
[WhiteElo "2677"]
[BlackElo "2475"]
[Annotator ""]
[Source ""]
[Remark ""]

1.d4 d5 2.c4 c6 3.Nf3 Nf6 4.e3 a6 5.Nc3 b5 6.c5 g6 7.Bd3 Bg7
8.e4 dxe4 9.Nxe4 Bg4 10.Nxf6+ Bxf6 11.Be4 O-O 12.a4 b4 13.Be3
Ra7 14.a5 Rd7 15.Qb3 Bxf3 16.Bxf3 Bxd4 17.Qxb4 Bxe3 18.fxe3 Qc7
19.Qc3 Rfd8 20.Rd1 Rxd1+ 21.Bxd1 Nd7 22.O-O Nf6 23.Bf3 Nd5 24.Qd2
Nf6 25.Qc3 Nd5 26.Qd2 Nf6 27.Qc3 1/2-1/2

[Event "Moscow Open 2009 A"]
[Site ""]
[Date "2009.02.01"]
[Round "2.57"]
[White "Timofeev, Artyom"]
[Black "Gabrielian, Artur"]
[Result "1-0"]
[WhiteElo "2671"]
[BlackElo "2472"]
[Annotator ""]
[Source ""]
[Remark ""]

1.c4 Nf6 2.Nc3 g6 3.g3 Bg7 4.Bg2 O-O 5.d4 d6 6.Nf3 Nbd7 7.O-O
e5 8.h3 c6 9.e4 Re8 10.d5 Nc5 11.Ne1 a5 12.Nc2 a4 13.Rb1 cxd5
14.cxd5 b5 15.Nb4 Bd7 16.Be3 Qc8 17.Kh2 Na6 18.Nd3 a3 19.b4 Qxc3
20.Rc1 Qc4 21.Rxc4 bxc4 22.Nc1 Nxb4 23.Qd2 Reb8 24.Qc3 Ba4 25.Bd2
Nc2 26.Qxc4 Nd4 27.Qc3 Bb5 28.Re1 Rc8 29.Qb4 Ra4 30.Qb1 Rc2 31.Nd3
Bxd3 32.Qb8+ Bf8 33.Qd8 Be2 34.Bh6 Nd7 35.Rb1 Rb2 36.Qxd7 Bxh6
37.Qxa4 Rxb1 38.Qxa3 Kg7 39.Qxd6 Nf3+ 40.Bxf3 Bxf3 41.Qxe5+ Kg8
42.g4 Bf8 43.Kg3 Be2 44.Qe8 Rd1 45.a4 Rd3+ 46.Kh2 Bf3 47.a5 Rd4
48.a6 Rxe4 49.Qd8 Ra4 50.d6 Rxa6 51.d7 Kg7 52.Qxf8+ 1-0

[Event "Moscow Open 2009 A"]
[Site ""]
[Date "2009.02.01"]
[Round "2.58"]
[White "Pugachov, Alexey"]
[Black "Guseinov, Gadir"]
[Result "1/2-1/2"]
[WhiteElo "2450"]
[BlackElo "2661"]
[Annotator ""]
[Source ""]
[Remark ""]

1.e4 c5 2.Nc3 g6 3.f4 Bg7 4.Nf3 e6 5.d4 cxd4 6.Nb5 d5 7.e5 Bf8
8.Bd3 Nc6 9.O-O a6 10.Nbxd4 Nge7 11.Be3 Nxd4 12.Bxd4 Bd7 13.c3
Nc6 14.Be3 Rc8 15.Qe2 Na5 16.Qf2 Nc4 17.Bd4 Qc7 18.Rae1 Bb5 19.a4
Bxa4 20.f5 gxf5 21.Bxf5 Qe7 22.Bd3 h6 23.Kh1 Rg8 24.Rg1 Bb5 1/2-1/2

[Event "Moscow Open 2009 A"]
[Site ""]
[Date "2009.02.01"]
[Round "2.59"]
[White "Guseinov, Elmir"]
[Black "Onischuk, Alexander"]
[Result "0-1"]
[WhiteElo "2439"]
[BlackElo "2659"]
[Annotator ""]
[Source ""]
[Remark ""]

1.Nf3 d5 2.g3 Nf6 3.Bg2 c6 4.O-O Bf5 5.b3 Nbd7 6.Bb2 e6 7.c4
Be7 8.d3 O-O 9.Nbd2 h6 10.Rc1 Bh7 11.Rc2 Re8 12.Qa1 Bd6 13.Ne5
Nxe5 14.Bxe5 a5 15.Nf3 Qe7 16.Rb1 Rad8 17.Bxd6 Qxd6 18.c5 Qc7
19.Qe5 Qe7 20.h3 Ra8 21.a4 Nd7 22.Qc7 Rec8 23.Qf4 Nxc5 24.b4
Nxd3 25.exd3 Bxd3 26.Rcb2 Bxb1 27.Rxb1 axb4 28.Rxb4 c5 29.Rb1
c4 30.Nd4 Rxa4 31.h4 Qf6 32.Qe3 c3 33.Nc2 Ra2 34.Qd3 Rb2 35.Rc1
b5 0-1

[Event "Moscow Open 2009 A"]
[Site ""]
[Date "2009.02.01"]
[Round "2.60"]
[White "Slugin, Sergey"]
[Black "Zhang, Zhong"]
[Result "0-1"]
[WhiteElo "2436"]
[BlackElo "2656"]
[Annotator ""]
[Source ""]
[Remark ""]

1.d4 f5 2.g3 Nf6 3.Bg2 g6 4.Nf3 Bg7 5.O-O O-O 6.c4 d6 7.Nc3 Qe8
8.d5 a5 9.Nd4 Na6 10.b3 Bd7 11.Bb2 Nc5 12.Rc1 c6 13.e3 Nfe4 14.Qc2
Qf7 15.Nde2 cxd5 16.cxd5 Rac8 17.Rfd1 b5 18.f3 Nf6 19.Qd2 g5
20.Nb1 b4 21.Bxf6 Bxf6 22.f4 Qg7 23.fxg5 Bxg5 24.Nf4 Qe5 25.Qe1
Bb5 26.Bf1 Bxf1 27.Kxf1 Qe4 28.Kg1 Bxf4 29.exf4 Nd3 30.Qxe4 fxe4
31.Rxc8 Rxc8 32.Nd2 e3 33.Nf3 Rc3 34.Nd4 Nc1 35.Kf1 Kf7 36.Ne2
Nxa2 37.Ra1 Rc2 38.Nd4 Rxh2 39.Kg1 Rd2 40.Nf3 Nc3 41.Ng5+ Kg6 0-1

[Event "Moscow Open 2009 A"]
[Site ""]
[Date "2009.02.01"]
[Round "2.61"]
[White "Konovalov, Nikolay"]
[Black "Savchenko, Boris"]
[Result "1/2-1/2"]
[WhiteElo "2430"]
[BlackElo "2654"]
[Annotator ""]
[Source ""]
[Remark ""]

1.d4 Nf6 2.c4 e6 3.Nc3 Bb4 4.f3 d5 5.a3 Bxc3+ 6.bxc3 c5 7.cxd5
Nxd5 8.Qd3 Nd7 9.Nh3 O-O 10.e4 Ne7 11.Be2 Nc6 12.Be3 Qe7 13.O-O
Rd8 14.Rfd1 b6 15.Qb5 Bb7 16.e5 cxd4 17.cxd4 Nf8 18.Nf2 Na5 19.Qb2
Rac8 20.Rac1 Ng6 21.Bd3 Qd7 22.Bb5 Qd5 23.Ne4 Nc4 24.Bxc4 Rxc4
25.Rxc4 Qxc4 26.Nd6 Qd5 27.Rc1 Rd7 28.Qb5 Qxb5 29.Nxb5 Ba6 30.Nc7
Bb7 31.Nb5 a6 32.Nd6 f6 33.Nxb7 Rxb7 34.exf6 gxf6 35.d5 exd5
36.Rc6 Ne5 37.Rxb6 Rxb6 38.Bxb6 Kf7 39.Kf2 Ke6 40.Ke2 Nc4 41.Bc5
Ke5 42.Kd3 f5 43.g4 Nb2+ 44.Kc2 Na4 45.Ba7 fxg4 46.fxg4 d4 47.Kd3
Nb2+ 48.Kc2 Nc4 49.Kd3 Nxa3 50.Bxd4+ 1/2-1/2

[Event "Moscow Open 2009 A"]
[Site ""]
[Date "2009.02.01"]
[Round "2.62"]
[White "Amonatov, Farrukh"]
[Black "Gochelashvili, David"]
[Result "1-0"]
[WhiteElo "2647"]
[BlackElo "2447"]
[Annotator ""]
[Source ""]
[Remark ""]

1.e4 c5 2.Nf3 d6 3.c3 Nf6 4.h3 g6 5.Bd3 Bg7 6.Bc2 O-O 7.O-O b6
8.d4 Bb7 9.Re1 Nc6 10.Nbd2 cxd4 11.cxd4 e5 12.d5 Ne7 13.a4 Ne8
14.a5 b5 15.a6 Bc8 16.Nb3 Nc7 17.Bd3 Bxa6 18.Be3 Qd7 19.Qe2 f5
20.Ng5 Bc8 21.Red1 a6 22.Nc5 dxc5 23.Bxc5 Ne8 24.Bxb5 Qc7 25.d6
Qxc5 26.Qc4+ Qxc4 27.Bxc4+ Kh8 28.dxe7 Rf6 29.Rd8 Bb7 30.Nf7+
Rxf7 31.Bxf7 Bf6 32.Bxe8 Rxd8 33.exd8Q Bxd8 34.exf5 gxf5 35.Rd1
Bf6 36.Rd6 1-0

[Event "Moscow Open 2009 A"]
[Site ""]
[Date "2009.02.01"]
[Round "2.63"]
[White "Gladyszev, Oleg"]
[Black "Bocharov, Dmitry"]
[Result "1-0"]
[WhiteElo "2422"]
[BlackElo "2647"]
[Annotator ""]
[Source ""]
[Remark ""]

1.d4 Nf6 2.c4 e6 3.Nc3 Bb4 4.Qc2 c5 5.dxc5 Bxc5 6.Nf3 Qb6 7.e3
Qc7 8.a3 a6 9.b4 Be7 10.Bd3 d6 11.e4 Nbd7 12.h3 b6 13.Bb2 Bb7
14.Qe2 O-O 15.O-O Rfe8 16.Qe3 Rac8 17.Ne2 Qb8 18.Ng3 Bd8 19.e5
dxe5 20.Nxe5 Nf8 21.Rfe1 Ng6 22.Bf1 Bc7 23.Rad1 Rcd8 24.Rxd8
Qxd8 25.Nxg6 hxg6 26.Be5 Bxe5 27.Qxe5 Re7 28.c5 bxc5 29.bxc5
Rc7 30.Rb1 Qc8 31.Qd6 Nd7 32.Rd1 Nxc5 33.Rc1 Bd5 34.Ne2 Rc6 35.Qe7
Qd7 36.Qxd7 Nxd7 37.Rxc6 Bxc6 38.Nd4 Bb7 39.Nb3 Bd5 40.Na5 Nc5
41.f4 Kf8 42.Kf2 Ke7 43.Ke3 Kd6 44.Kd4 f6 45.Nc4+ Bxc4 46.Bxc4
g5 47.fxg5 fxg5 48.g3 a5 49.h4 gxh4 50.gxh4 Nd7 1-0

[Event "Moscow Open 2009 A"]
[Site ""]
[Date "2009.02.01"]
[Round "2.64"]
[White "Lastin, Alexander"]
[Black "Krivoborodov, Egor"]
[Result "1-0"]
[WhiteElo "2643"]
[BlackElo "2436"]
[Annotator ""]
[Source ""]
[Remark ""]

1.e4 c5 2.Nf3 Nc6 3.Nc3 d6 4.d4 cxd4 5.Nxd4 Nf6 6.Bg5 e6 7.Qd2
Qb6 8.Bxf6 gxf6 9.Nb3 a6 10.O-O-O Bd7 11.f4 O-O-O 12.Be2 h5 13.Rhf1
Na5 14.Kb1 Nxb3 15.axb3 Qc5 16.Rf3 Kb8 17.Rh3 Bc6 18.Bxh5 f5
19.exf5 Qxf5 20.Bg6 Qf6 21.Rxh8 Qxh8 22.Bxf7 Qxh2 23.Bxe6 Qxg2
24.Qxg2 Bxg2 25.Bd5 Bh3 26.Rh1 Bf5 27.Rh5 Bg6 28.Rg5 Be8 29.f5
Bc6 30.f6 Kc7 31.Rg7+ Kb6 32.Rh7 Kc5 33.Rh5 Kb6 34.b4 Re8 35.Rh8
Kc7 36.Ka2 Kb6 37.Kb3 a5 38.f7 Rb8 39.bxa5+ Kxa5 40.Be6 Kb6 41.Ne2
Kc7 42.Nf4 Be4 43.Bh3 Kc6 44.Rg8 Bd5+ 45.Nxd5 Kxd5 46.Bd7 Kc5
47.Be8 Be7 48.f8Q Bxf8 49.Rxf8 1-0

[Event "Moscow Open 2009 A"]
[Site ""]
[Date "2009.02.01"]
[Round "2.65"]
[White "Zvjaginsev, Vadim"]
[Black "Matsenko, Sergei"]
[Result "1-0"]
[WhiteElo "2636"]
[BlackElo "2429"]
[Annotator ""]
[Source ""]
[Remark ""]

1.e4 c5 2.Nf3 Nc6 3.Bb5 e6 4.c3 Nge7 5.d4 cxd4 6.cxd4 d5 7.e5
Bd7 8.Nc3 Nf5 9.O-O Be7 10.Bd3 g6 11.Bxf5 gxf5 12.Bf4 Na5 13.Rc1
Rc8 14.b3 Rg8 15.h3 b5 16.Qd3 a6 17.Ne2 Nc6 18.Ng3 Rg6 19.Rc5
Qb6 20.Qd2 Kd8 21.Bh6 b4 22.Nh4 1-0

[Event "Moscow Open 2009 A"]
[Site ""]
[Date "2009.02.01"]
[Round "2.66"]
[White "Borisenko, Andrei"]
[Black "Kobalia, Mikhail"]
[Result "1/2-1/2"]
[WhiteElo "2415"]
[BlackElo "2634"]
[Annotator ""]
[Source ""]
[Remark ""]

1.e4 c5 2.Nf3 e6 3.d4 cxd4 4.Nxd4 a6 5.c4 Nf6 6.Bd3 Qb6 7.Nc2
d6 8.Nc3 Be7 9.O-O O-O 10.Kh1 Nbd7 11.f3 Qc7 12.Ne3 b6 13.Qd2
Ne5 14.Be2 Bb7 15.Rd1 Rac8 16.Bf1 Rfe8 17.Rb1 h5 18.Qf2 Qb8 19.Bd2
Bc6 20.b4 b5 21.cxb5 axb5 22.a4 bxa4 23.b5 Bb7 24.Nxa4 h4 25.Nb6
Rc7 26.Nbc4 Nxc4 27.Nxc4 h3 28.Bf4 e5 29.Bg5 Nxe4 30.fxe4 Bxg5
31.Nxd6 Re6 32.Nxb7 Qxb7 33.gxh3 Qxe4+ 34.Bg2 Qe3 35.Qa2 Kh7
36.Re1 Qb6 37.Be4+ 1/2-1/2

[Event "Moscow Open 2009 A"]
[Site ""]
[Date "2009.02.01"]
[Round "2.67"]
[White "Chernobay, Artem"]
[Black "Kazhgaleyev, Murtas"]
[Result "1/2-1/2"]
[WhiteElo "2414"]
[BlackElo "2630"]
[Annotator ""]
[Source ""]
[Remark ""]

1.e4 e5 2.Nf3 Nc6 3.Bb5 a6 4.Ba4 Nf6 5.O-O Be7 6.Re1 b5 7.Bb3
d6 8.c3 O-O 9.a4 Bd7 10.d4 h6 11.h3 Re8 12.axb5 axb5 13.Rxa8
Qxa8 14.Na3 Qb7 15.d5 Na5 16.Bc2 b4 17.cxb4 Qxb4 18.Qe2 Nb7 19.Bd2
Qc5 20.Nc4 Qa7 21.b4 Qa6 22.Na5 Nxa5 23.bxa5 c6 24.dxc6 Bxc6
25.Bb4 Qb7 1/2-1/2

[Event "Moscow Open 2009 A"]
[Site ""]
[Date "2009.02.01"]
[Round "2.68"]
[White "Shvedchikov, Anatoli I"]
[Black "Belov, Vladimir"]
[Result "1/2-1/2"]
[WhiteElo "2409"]
[BlackElo "2627"]
[Annotator ""]
[Source ""]
[Remark ""]

1.d4 Nf6 2.Nf3 e6 3.e3 b6 4.Bd3 Bb7 5.Nbd2 c5 6.O-O Be7 7.b3
Nc6 8.a3 O-O 9.Bb2 d5 10.Qe2 a5 11.Ne5 Qc7 12.Nxc6 Qxc6 13.Bb5
Qc7 14.Rac1 cxd4 15.exd4 Bd6 16.g3 Qe7 17.Ra1 Rfc8 18.Bd3 b5
19.c3 b4 20.cxb4 axb4 21.a4 Bc7 22.Rfc1 Bb6 23.Qe1 Nd7 24.Rxc8+
Bxc8 25.Nf3 Bb7 26.Rc1 Nf6 27.Nd2 h5 28.Bb5 h4 29.Bc6 hxg3 30.hxg3
Ba5 31.Qe2 Ba6 32.Bb5 Bb7 33.Bc6 1/2-1/2

[Event "Moscow Open 2009 A"]
[Site ""]
[Date "2009.02.01"]
[Round "2.69"]
[White "Volkov, Sergey"]
[Black "Demin, Alexandr"]
[Result "1-0"]
[WhiteElo "2627"]
[BlackElo "2417"]
[Annotator ""]
[Source ""]
[Remark ""]

1.d4 d5 2.c4 e6 3.Nc3 c6 4.e4 Bb4 5.cxd5 exd5 6.e5 Bf5 7.Nge2
Qh4 8.Qb3 Qe7 9.Ng3 Bg6 10.Be2 h5 11.h4 Nh6 12.Bxh6 Rxh6 13.f4
Be4 14.Kf2 Bxc3 15.bxc3 b6 16.Bxh5 g6 17.Bf3 Bxf3 18.gxf3 Nd7
19.h5 O-O-O 20.hxg6 Rxh1 21.Rxh1 fxg6 22.Qc2 Rg8 23.c4 Qb4 24.cxd5
Qxd4+ 25.Kg2 Qxd5 26.Rd1 Qc5 27.Qd3 Qe7 28.Qc4 Rg7 29.Qxc6+ Kb8
30.Ne4 Nf8 31.Nc5 a5 32.Qxb6+ Kc8 33.Qa6+ Kc7 34.Qb7# 1-0

[Event "Moscow Open 2009 A"]
[Site ""]
[Date "2009.02.01"]
[Round "2.70"]
[White "Kotenko, Pavel"]
[Black "Kuzubov, Yuriy"]
[Result "0-1"]
[WhiteElo "2398"]
[BlackElo "2626"]
[Annotator ""]
[Source ""]
[Remark ""]

1.e4 c5 2.Nf3 Nc6 3.d4 cxd4 4.Nxd4 g6 5.c4 Bg7 6.Be3 Nf6 7.Nc3
Ng4 8.Qxg4 Nxd4 9.Qd1 Ne6 10.Qd2 O-O 11.Be2 d6 12.h4 Qa5 13.Nd5
Qxd2+ 14.Kxd2 Re8 15.Rab1 Bd7 16.b3 Rac8 17.Bg4 h5 18.Bh3 Nc5
19.Bxd7 Nxd7 20.Rbc1 e6 21.Nc3 a6 22.Rc2 f5 23.Rd1 Kf7 24.Ke2
Rc6 25.Bd4 Bxd4 26.Rxd4 Ke7 27.Rd3 Rec8 28.Rg3 Kf7 29.exf5 gxf5
30.a4 Kf6 31.Nd1 b5 32.axb5 axb5 33.Nb2 Ne5 34.Re3 0-1

[Event "Moscow Open 2009 A"]
[Site ""]
[Date "2009.02.01"]
[Round "2.71"]
[White "Lysyj, Igor"]
[Black "Lavrik, Dmitry"]
[Result "1/2-1/2"]
[WhiteElo "2620"]
[BlackElo "2414"]
[Annotator ""]
[Source ""]
[Remark ""]

1.d4 d5 2.c4 c6 3.Nf3 Nf6 4.e3 a6 5.Bd2 e6 6.Qc2 Nbd7 7.Nc3 dxc4
8.a4 c5 9.Bxc4 cxd4 10.exd4 Nb6 11.Bb3 Nbd5 12.O-O Be7 13.Bg5
O-O 14.Bxd5 exd5 15.Qb3 Be6 16.Qxb7 Qd6 17.Qb3 Rab8 18.Qc2 Rfc8
19.Qe2 Rc4 20.a5 Rcb4 21.Ra2 Bg4 22.Re1 Bxf3 23.gxf3 Ng4 24.fxg4
Bxg5 25.Rd1 Bf6 26.Qe3 h6 27.Qf3 Rxd4 28.Rxd4 Bxd4 29.Nxd5 Bxb2
30.Nb6 Bd4 31.Rd2 Qb4 32.Rd1 Bxb6 33.axb6 Qxb6 34.Rd7 Qe6 35.Ra7
Rc8 36.Kg2 Rf8 37.h3 Rc8 38.Qd3 Qc6+ 39.Qf3 Qxf3+ 40.Kxf3 1/2-1/2

[Event "Moscow Open 2009 A"]
[Site ""]
[Date "2009.02.01"]
[Round "2.72"]
[White "Vaganian, Rafael A"]
[Black "Soltanici, Ruslan"]
[Result "1/2-1/2"]
[WhiteElo "2596"]
[BlackElo "2400"]
[Annotator ""]
[Source ""]
[Remark ""]

1.d4 d5 2.c4 dxc4 3.Nf3 Nf6 4.Qa4+ Nbd7 5.Qxc4 e6 6.g3 a6 7.Bg2
b5 8.Qc6 Rb8 9.Bg5 Bb7 10.Bxf6 Bxc6 11.Bxd8 Rxd8 12.O-O Bb7 13.a4
bxa4 14.Nc3 c5 15.Rfd1 cxd4 16.Rxd4 Bc5 17.Rdxa4 Bb6 18.R4a2 1/2-1/2

[Event "Moscow Open 2009 A"]
[Site ""]
[Date "2009.02.01"]
[Round "2.73"]
[White "Ehlvest, Jaan"]
[Black "Agaragimov, Djakhangir"]
[Result "1-0"]
[WhiteElo "2595"]
[BlackElo "2393"]
[Annotator ""]
[Source ""]
[Remark ""]

1.Nf3 Nf6 2.c4 g6 3.b4 Bg7 4.Bb2 O-O 5.e3 d6 6.d3 c5 7.a3 b6
8.Be2 Bb7 9.O-O Nbd7 10.Nc3 d5 11.Nd2 e6 12.Rb1 Qe7 13.bxc5 dxc4
14.Nxc4 Nxc5 15.a4 Rfd8 16.Ba3 Rab8 17.d4 Nfe4 18.Nxe4 Bxe4 19.f3
Bb7 20.Qc2 1-0

[Event "Moscow Open 2009 A"]
[Site ""]
[Date "2009.02.01"]
[Round "2.74"]
[White "Vorobiov, Evgeny E"]
[Black "Yuferov, Sergey N"]
[Result "1/2-1/2"]
[WhiteElo "2591"]
[BlackElo "2392"]
[Annotator ""]
[Source ""]
[Remark ""]

1.e4 e5 2.Nf3 Nf6 3.d4 Nxe4 4.dxe5 d5 5.Nbd2 Nxd2 6.Qxd2 Be7
7.Qf4 Qd7 8.Be3 Qg4 9.Qxg4 Bxg4 10.O-O-O c6 11.c4 dxc4 12.Bxc4
Nd7 13.e6 Bxe6 14.Bxe6 fxe6 15.Rhe1 Nf8 16.Bd4 Rg8 17.Re4 1/2-1/2

[Event "Moscow Open 2009 A"]
[Site ""]
[Date "2009.02.01"]
[Round "2.75"]
[White "Gorbatov, Alexej"]
[Black "Yemelin, Vasily"]
[Result "0-1"]
[WhiteElo "2389"]
[BlackElo "2578"]
[Annotator ""]
[Source ""]
[Remark ""]

1.d4 Nf6 2.c4 e6 3.Nf3 d5 4.e3 c5 5.Nc3 Nc6 6.a3 cxd4 7.exd4
Be7 8.c5 Ne4 9.Qc2 f5 10.Bb5 O-O 11.O-O g5 12.Bxc6 bxc6 13.Ne5
Qc7 14.b4 Bf6 15.f3 Nxc3 16.Qxc3 Bxe5 17.dxe5 f4 18.Bd2 Ba6 19.Rf2
Rf5 20.Re1 Raf8 21.Kh1 Bb5 22.Qd4 Qg7 23.Qa1 Ba6 24.Qc3 h5 25.h3
R8f7 26.Bc1 Kh8 27.Kg1 Bb5 28.Qb3 g4 29.hxg4 hxg4 30.fxg4 Qxg4 0-1

[Event "Moscow Open 2009 A"]
[Site ""]
[Date "2009.02.01"]
[Round "2.76"]
[White "Vuckovic, Bojan"]
[Black "Filipenko, Alexander V"]
[Result "1-0"]
[WhiteElo "2576"]
[BlackElo "2360"]
[Annotator ""]
[Source ""]
[Remark ""]

1.e4 c5 2.Nf3 d6 3.d4 cxd4 4.Nxd4 Nf6 5.Nc3 Nc6 6.Bg5 e6 7.Qd2
a6 8.O-O-O Be7 9.f4 Nxd4 10.Qxd4 b5 11.Bxf6 gxf6 12.Bd3 Qc7 13.Qe3
h5 14.Kb1 Bb7 15.Rhe1 O-O-O 16.f5 Kb8 17.fxe6 fxe6 18.Qh3 Bc8
19.Ne2 Qc5 1-0

[Event "Moscow Open 2009 A"]
[Site ""]
[Date "2009.02.01"]
[Round "2.77"]
[White "Reutsky, Sergei"]
[Black "Khairullin, Ildar"]
[Result "*"]
[WhiteElo "2381"]
[BlackElo "2574"]
[Annotator ""]
[Source ""]
[Remark ""]

1.e4 d5 2.exd5 Qxd5 3.Nc3 Qd6 4.d4 Nf6 5.Nf3 c6 6.Ne5 Nbd7 7.Bf4
Nd5 8.Nxd5 Qxd5 9.Qd2 Nxe5 10.Bxe5 Bf5 11.f3 f6 12.Bf4 Rd8 13.c3
e6 14.b3 Bd6 15.Be3 Be7 16.Bc4 Qd7 17.b4 O-O 18.O-O Kh8 19.Rad1
a5 20.a3 axb4 21.axb4 *

[Event "Moscow Open 2009 A"]
[Site ""]
[Date "2009.02.01"]
[Round "2.78"]
[White "Ageichenko, Genadi A"]
[Black "Zubov, Alexander"]
[Result "0-1"]
[WhiteElo "2367"]
[BlackElo "2574"]
[Annotator ""]
[Source ""]
[Remark ""]

1.d4 d5 2.c4 dxc4 3.Nf3 Nf6 4.Qa4+ c6 5.Qxc4 Bf5 6.Nc3 e6 7.g3
Be7 8.Bg2 O-O 9.O-O Nbd7 10.Rd1 Bc2 11.e3 Bxd1 12.Nxd1 e5 13.Nc3
exd4 14.Nxd4 Ne5 15.Qb3 Qd7 16.Bd2 c5 17.Nde2 Rfd8 18.Rd1 c4
19.Qc2 Rac8 20.Nd4 Bc5 21.Nce2 b5 22.Ba5 Bb6 23.Bxb6 axb6 24.Nc3
b4 25.Nc6 Nd3 26.Nxd8 bxc3 27.Nc6 Rxc6 28.Bxc6 Qxc6 29.Qxc3 Qd5
30.b3 b5 31.a4 Ne4 32.Qc2 Nec5 33.axb5 cxb3 34.Qc3 h5 0-1

[Event "Moscow Open 2009 A"]
[Site ""]
[Date "2009.02.01"]
[Round "2.79"]
[White "Chuprov, Dmitry"]
[Black "Onoprijchuk, Boris"]
[Result "1/2-1/2"]
[WhiteElo "2571"]
[BlackElo "2358"]
[Annotator ""]
[Source ""]
[Remark ""]

1.e4 c5 2.Nf3 e6 3.d4 cxd4 4.Nxd4 Nc6 5.Nc3 Qc7 6.Be2 a6 7.O-O
Nf6 8.Be3 Bb4 9.Na4 Be7 10.Nxc6 bxc6 11.Nb6 Rb8 12.Nxc8 Qxc8
13.Bd4 c5 14.Be5 Rb6 15.Qd3 d6 16.Bc3 O-O 17.b3 Nd7 18.Rad1 Bf6
19.Bd2 Ne5 20.Qg3 Re8 21.Kh1 Qc6 22.f4 Ng6 23.Bd3 Rbb8 24.Qf3
h6 25.Qh5 c4 26.Bxc4 Qxe4 27.Bd3 Qd5 28.Qxd5 exd5 29.Rde1 Rec8
30.Re2 Nf8 31.c4 dxc4 32.Bxc4 Rc6 33.Rfe1 1/2-1/2

[Event "Moscow Open 2009 A"]
[Site ""]
[Date "2009.02.01"]
[Round "2.80"]
[White "Deviatkin, Andrei"]
[Black "Zhidkov, Valery S"]
[Result "1-0"]
[WhiteElo "2566"]
[BlackElo "2341"]
[Annotator ""]
[Source ""]
[Remark ""]

1.d4 Nf6 2.Nf3 e6 3.Bg5 h6 4.Bh4 b6 5.e3 Bb7 6.Bd3 Be7 7.Nbd2
c5 8.c3 d6 9.h3 Nbd7 10.Qe2 a6 11.a4 O-O 12.O-O Re8 13.Rfd1 Ra7
14.Bg3 Qa8 15.e4 cxd4 16.cxd4 d5 17.e5 Ne4 18.Bf4 Nf8 19.Nf1
Ng6 20.Be3 Qd8 21.N3h2 Nh4 22.f3 Ng5 23.Bf2 Ng6 24.Qe3 Nh7 25.f4
Bc6 26.Nf3 Nh4 27.Nxh4 Bxh4 28.Rdc1 Bd7 29.b3 Nf8 30.g3 Be7 31.Nd2
Ra8 32.Nf3 b5 33.g4 bxa4 34.bxa4 a5 35.h4 Rb8 36.f5 1-0

[Event "Moscow Open 2009 A"]
[Site ""]
[Date "2009.02.01"]
[Round "2.81"]
[White "Grigoriants, Sergey"]
[Black "Kovalev, Vladislav"]
[Result "1-0"]
[WhiteElo "2565"]
[BlackElo "2330"]
[Annotator ""]
[Source ""]
[Remark ""]

1.d4 Nf6 2.Nf3 g6 3.c4 Bg7 4.g3 O-O 5.Bg2 d6 6.Nc3 Nbd7 7.O-O
e5 8.e4 exd4 9.Nxd4 Nc5 10.h3 Re8 11.Re1 a5 12.b3 a4 13.Rb1 axb3
14.axb3 c6 15.Bf4 h6 16.b4 Ne6 17.Nxe6 Bxe6 18.Bxd6 Bxc4 19.e5
Nd7 20.f4 f6 21.b5 Qb6+ 22.Kh1 Qf2 23.bxc6 bxc6 24.Ne4 Qa2 25.Rb7
Ra7 26.Rxa7 Qxa7 27.exf6 Bxf6 28.Qc2 c5 29.Qxc4+ Kg7 30.Rf1 1-0

[Event "Moscow Open 2009 A"]
[Site ""]
[Date "2009.02.01"]
[Round "2.82"]
[White "Gershkowich, David"]
[Black "Iljushin, Alexei"]
[Result "1/2-1/2"]
[WhiteElo "2360"]
[BlackElo "2564"]
[Annotator ""]
[Source ""]
[Remark ""]

1.e4 c5 2.Nf3 Nc6 3.d4 cxd4 4.Nxd4 Nf6 5.Nc3 d6 6.Bg5 Qb6 7.Nb3
e6 8.Qd2 a6 9.O-O-O Be7 10.f3 O-O 11.h4 Qc7 12.g4 b5 13.Bh3 Ne5
14.Nd4 b4 15.Nce2 Bb7 16.Kb1 a5 1/2-1/2